000 01664nam0a2200397 4500
001 RU\NLR\BIBL_A\012068233
005 20190918130537.0
010 _a978-5-6040986-2-2
_91000
021 _aRU
_bКН-П-19-049622
_9КН-П-19-3600
035 _a(NLR Aleph) 012068233
035 _a(RuMoRGB)010030203
090 _a11741452
_c11741452
100 _a20190801d2019 e y0rusy50 ca
101 1 _arus
_aara
_cara
102 _aRU
105 _ay|||z|||000zy
200 1 _aШарх ус-Сунна. "Разъяснение сунны"
_fИмам аль-'алляма Абу Мухаммад Аль-Хасан ибн'Али ибн Халяф аль-Барбахари (252-329)
_gперевод и примечания Руслан Абу Ибрахим Татарстани
205 _a2-е изд., испр.
210 _aМосква
_cDarulhadis
_d2019
215 _a648 с.
_d24
300 _aЗагл. и авт. также араб.
320 _aБиблиогр.: с. 615-629 (127 назв.) и в подстроч. примеч.
333 _a16+
517 1 _aРазъяснение сунны
606 1 _aХадисы
_2nlr_sh1
_2nlr_sh2
_3RU\NLR\AUTH\66180404
686 2 _aЭ38-220.9,12
700 0 _aАль-Барбахари
_f867-940
_3RU\NLR\AUTH\770210687
702 1 _aТатарстани
_bР. А. И.
_gРуслан Абу Ибрахим
_3RU\NLR\AUTH\770169182
_4730
942 _cBOOK
980 _aNBR
980 _aNB